LEADER 01036nam a2200277 a 4500 001 000000137182 003 CaOOAMICUS 005 20140129103936.0 008 140129s1960 it u000 u ita r 040 $aPUL$bita 041 1 $aita$heng 100 1 $aMaritain, Jacques,$d1882-1973.$0(OLS)http://pul/name/868 240 10$aReflections on America.$lItaliano.$0(OLS)http://pul/title/173663 245 10$aRiflessioni sull'America /$cJacques Maritain. 260 $aBrescia :$bMorcelliana,$c1960. 300 $a151 p. ;$c19 cm 504 $aBibliografia in nota. 651 4$aStati Uniti$xCiviltà.$0(OLS)http://pul/subject/24096 850 $aPUL 852 $aPUL$W1$xDP1 Fondo E. Rossi$y115$m5 A 27$j115200$qFondi$B157647$CPULBib$Z2$F157647 $82 941 1 $a1 960 $aStati Uniti d'America$924096 961 $aSul dorso collocazione ms. di E. Rossi: Ma 39 996 $6245$aRiflessioni sull'America$9(OLS)http://pul/title/173664 996 $6260$aBrescia :$bMorcelliana$9(OLS)http://pul/publisher/47854 LEADER 00806nam a2200241 4500 001 000000150440 003 CaOOAMICUS 005 20160314155603.0 008 160314s1963 it 000 u lat r 032 $aLibriCat 040 $aPUL$bita 100 1 $aSchwieder, Georg.$0(OLS)http://pul/name/95784 245 10$aLatine loquor /$cGeorg Schwieder. 250 $aEditio altera. 260 $aRoma :$bHerder,$c1963. 300 $a347 p. ;$c24 cm. 650 4$aLingua latina.$0(OLS)http://pul/subject/295 850 $aPUL 852 $aPUL$W1$xDP1 Cons. Gen., Altre Classi 1$y22$m673 F 5$j172952$qStampati$B174944$CPULBib$Z2$F174944 $81 941 1 $a8 996 $6245$aLatine loquor$9(OLS)http://pul/title/189574 996 $6260$aRoma :$bHerder$9(OLS)http://pul/publisher/47913